Normal view
MARC view
- Ms. Maria Qadria
Entry Personal Name
001 - CONTROL NUMBER
- control field: 18996
003 - CONTROL NUMBER IDENTIFIER
- control field: NUST
005 - DATE AND TIME OF LATEST TRANSACTION
- control field: 20190803114814.0
008 - FIXED-LENGTH DATA ELEMENTS
- fixed length control field: 190803|| aca||aabn | a|a d
040 ## - CATALOGING SOURCE
- Original cataloging agency: NUST
- Transcribing agency: NUST
100 ## - HEADING--PERSONAL NAME
- Personal name: Ms. Maria Qadria
670 ## - SOURCE DATA FOUND
- Source citation: Work cat.: (NUST): Ali, M Qasim 18995, Adding Tangibility in Intangibility of Services: A Case Study on Easypaisa /
